| 000 | 00350pab a2200145 454500 | ||
|---|---|---|---|
| 008 | 180718b2006 xxu||||| |||| 00| 0 eng d | ||
| 100 | _aVarshney, Ashutosh | ||
| 245 | _aA new triangle: India, China and the US | ||
| 260 | _c2006 | ||
| 300 | _ap.65-68. | ||
| 362 | _aJan | ||
| 650 | _aInternational relations | ||
| 773 | _aSeminar | ||
| 909 | _a68316 | ||
| 999 |
_c68316 _d68316 |
||